| 000 | 00434 a2200169 4500 | ||
|---|---|---|---|
| 001 | 145028 | ||
| 040 | _cLeonardo Da Vinci | ||
| 041 | _aPortuguês | ||
| 082 |
_a519.5 M942e _bM942e |
||
| 100 | _aMUCELIN, Carlos Alberto | ||
| 245 | _aEstatística | ||
| 260 |
_bEditora do Livro Técnico _c2010 _aCuritiba |
||
| 300 | _a120 p | ||
| 362 | _a20100000 | ||
| 697 |
_aEstatística _aGráficos _aTabelas _aFormas _aFIPEN - EP |
||
| 942 | _cBK | ||
| 999 |
_c145028 _d145028 |
||